Tilastot visalle Sanat - "Suvivirsi"

Klikkaa tästä pelataksesi tätä visaa!

Yleistilastot

  • Tätä visaa on pelattu 110 kertaa
  • Keskiarvotulos 76 / 148

Vastaustilastot

Vastaus% Oikein
Jo
100%
suvi
100%
aika
98%
armas
98%
ja
98%
joutui
98%
suloinen
98%
joka
94%
kukkanen
94%
kauniisti
92%
koristaa
92%
luo
91%
paikkaa
91%
se
89%
auringon
88%
lämpö
88%
Taas
88%
taas
88%
luonnon
85%
luopi
85%
niityt
85%
suo
85%
suopi
85%
elohon
83%
kutsuu
83%
laaksossa
83%
laiho
83%
uudeks
83%
vihannoivat
80%
nyt
79%
sen
76%
Jumala
74%
metsän
74%
puut
74%
hyvyyttäs
73%
meille
73%
huminoivat
71%
kun
71%
muistuttaapi
71%
siunaustaan
71%
Ei
70%
lehtiverhossa
70%
linnut
70%
on
70%
Herran
64%
julistaapi
64%
kansa
64%
kiittäisi
64%
visertää
64%
vuodelta
64%
vuosi
64%
hän
62%
Luojaansa
62%
laulujansa
61%
laupias
61%
ain
59%
eikö
59%
kiitä
59%
59%
ihmeitäs
58%
liitä
58%
sielu
58%
armon
56%
Herraa
56%
kuorohon
55%
äänes
53%
myös
52%
sielun
48%
mun
47%
sieluni
45%
sun
35%
kuin
24%
Oi
24%
niin
23%
Jeesus
21%
Kristus
20%
uusi
18%
valo
18%
kirkas
17%
luonamme
17%
vain
17%
asu
15%
liekki
15%
meihin
15%
mieli
15%
murheemme
15%
pois
15%
poista
15%
rakkautes
15%
saa
15%
jalo
14%
rintaamme
14%
sytytä
14%
armos
12%
lilja
12%
paisteemme
12%
Saaronin
12%
Maan
11%
meren
11%
Siionin
11%
sille
11%
vertaistasi
11%
antaa
9%
kantaa
9%
kaste
9%
Libanon
9%
mulle
9%
paistaa
9%
sulle
9%
anna
8%
lahjat
8%
lahjojas
8%
runsaasti
8%
autuas
6%
Henkes
6%
kaunistuksen
6%
maistaa
6%
saanut
6%
sanassas
6%
siunauksestas
6%
suloisuutta
6%
tarpeemme
6%
keväisen
5%
virvoituksen
5%
sydätemme
0%

Tulosjakauma

Persentiili vastausten määrän mukaan

Jokaisen tuloksen saaneiden osuus

Tuloshistoriasi

Et ole pelannut tätä visaa